Zábavní orchestr 66 Osecká : polka O pouti : polka

Saved in:
Bibliographic Details
Main Author: Poncar, J. (Composer)
Format: Musical Score
Language:Czech
Published: Praha : Státní nakladatelství krásné literatury, hudby a umění, 1959.
Physical Description: 1 partitúra.
Tags: Add Tag
No Tags, Be the first to tag this record!

MARC

LEADER 00000ncm a2200000#i#4500
001 000700430
005 20230802125404.0
008 230802s1959 xr e 000 0 cze d
020 |c Kčs 9,20  |q (brožované) 
040 |a SVKK  |b slo  |c SVKK  |e rda 
100 1 |a Poncar, J.  |4 cmp 
245 1 0 |a Zábavní orchestr  |n 66  |p Osecká : polka  |p O pouti : polka  |c J. Poncar. 
264 1 |a Praha :  |b Státní nakladatelství krásné literatury, hudby a umění,  |c 1959. 
300 |a 1 partitúra. 
336 |a zápis hudby  |b ntm  |2 rdacontent 
337 |a bez média  |b n  |2 rdamedia 
338 |a zväzok  |b nc  |2 rdacarrier 
500 |a Záznam revízie 
910 |a svkkk 
998 |a MU 
090 |g SCKHL  |k Sklad Pribinova 3. posch.  |a V.24732  |j 175018  |i 2720864621  |s Prezenčne 
090 |g SCKHL  |k Sklad Pribinova 3. posch.  |a V.24733  |j 175019  |i 2720864622  |s Prezenčne